[Event "Sao Paulo op"]
[Site "Sao Paulo"]
[Date "1991.??.??"]
[Round "11"]
[White "Van Riemsdijk, Herman C"]
[Black "Correa, Aron A"]
[Result "1-0"]
[WhiteElo "2450"]
[BlackElo "2330"]

1.e4 g6 2.d4 Bg7 3.Nc3 d6 4.f4 c6 5.Nf3 b5 6.Bd3 e6 7.O-O Ne7 8.a3 O-O 9.Qe1 a6
10.Be3 Qc7 11.e5 d5 12.Ne2 Nd7 13.Qh4 Nf5 14.Bxf5 exf5 15.Rad1 Re8 16.h3 h5
17.Nc1 Nb6 18.Nd3 Nc4 19.Bc1 Bf8 20.Nc5 Qa7 21.Qf2 a5 22.Rfe1 a4 23.Ng5 Bxc5
24.dxc5 Be6 25.Rd3 Rad8 26.Qd4 Rb8 27.Kh1 Qa5 28.c3 Qa7 29.Qg1 Qe7 30.Re2 Bc8
31.Be3 Nxe3 32.Qxe3 Ba6 33.e6 fxe6 34.Qd4 Qg7 35.Re5 b4 36.Rde3 bxa3 37.bxa3 Rb2
38.Nxe6 Qf6 39.Nc7 Rxe5 40.Rxe5 Qh4 41.Re8+ Kf7 42.c4 Rb3 43.Re3 Bxc4 44.Ne8 Rxe3
45.Nd6+  1-0

[Event "Schoeneck"]
[Site "Schoeneck"]
[Date "1991.??.??"]
[Round "7"]
[White "Schmitzer, Klaus"]
[Black "Alber, Horst"]
[Result "0-1"]
[WhiteElo "2300"]
[BlackElo "2345"]

1.e4 g6 2.d4 Bg7 3.Nc3 d6 4.Be3 c6 5.Qd2 b5 6.h4 h5 7.f3 Qc7 8.Nd1 a5 9.Nf2 Nd7
10.c4 b4 11.g4 hxg4 12.fxg4 Ngf6 13.Nf3 c5 14.O-O-O cxd4 15.Bxd4 Bb7 16.h5 e5
17.h6 Bf8 18.Be3 Nxe4 19.Nxe4 Bxe4 20.Rh3 f6 21.Bd3 Qc6 22.Nh4 Kf7 23.Rf1 Rc8
24.Be2 d5 25.Nf3 Ke8 26.g5 dxc4 27.gxf6 c3 28.f7+ Kd8 29.Bg5+ Kc7 30.Qe3 Bc5  0-1

[Event "Schoeneck"]
[Site "Schoeneck"]
[Date "1991.??.??"]
[Round "8"]
[White "Zude, Arno"]
[Black "Alber, Horst"]
[Result "1-0"]
[WhiteElo "2400"]
[BlackElo "2345"]

1.e4 g6 2.d4 Bg7 3.Nc3 d6 4.Be3 c6 5.Qd2 b5 6.Nf3 Nd7 7.Bd3 Qc7 8.O-O a6
9.Rfe1 Bb7 10.a4 b4 11.Nd1 a5 12.c3 bxc3 13.bxc3 Ngf6 14.Bh6 O-O 15.Bxg7 Kxg7
16.Ne3 e5 17.Rab1 Ba6 18.Bxa6 Rxa6 19.Nc4 exd4 20.cxd4 d5 21.exd5 cxd5 22.Nce5 Rb8
23.Rbc1 Qd6 24.Qf4 Rf8 25.Ng5 Rb6 26.Qe3 Rb2 27.h4 Qb4 28.h5 Rb3 29.h6+ Kg8
30.Qf4 Rc3 31.Rxc3 Qxc3 32.Rc1 Qb2 33.Nxd7 Nxd7 34.Rc7 Qb1+ 35.Kh2 f6 36.Rxd7  1-0

[Event "Schoeneck"]
[Site "Schoeneck"]
[Date "1991.??.??"]
[Round "10"]
[White "Schaack, Harry"]
[Black "Alber, Horst"]
[Result "1/2-1/2"]
[WhiteElo "2305"]
[BlackElo "2345"]

1.e4 g6 2.d4 Bg7 3.Nc3 d6 4.Be3 c6 5.Qd2 b5 6.O-O-O Nd7 7.h4 h5 8.Bd3 Nb6
9.Nh3 b4 10.Ne2 a5 11.c4 bxc3 12.Nxc3 Nh6 13.f3 d5 14.Nf2 dxe4 15.fxe4 Qd6
16.Be2 Be6 17.Kb1 Nc4 18.Bxc4 Bxc4 19.Bf4 Qb4 20.Rh3 Rd8 21.Nd3 Bxd3+ 22.Rxd3 Ng4
23.e5 O-O 24.a3 Qc4 25.Qc2 c5 26.b3 Qe6 27.dxc5 Rxd3 28.Rxd3 Rb8 29.Ka2  1/2-1/2

[Event "UKR-chT"]
[Site "Simferopol"]
[Date "1991.??.??"]
[Round "?"]
[White "Gurevich, Vladimir"]
[Black "Lornje, F."]
[Result "1-0"]
[WhiteElo "2435"]
[BlackElo "2320"]

1.e4 g6 2.d4 Bg7 3.Nc3 d6 4.f4 Nf6 5.Nf3 c5 6.Bb5+ Bd7 7.Bxd7+ Nfxd7 8.d5 O-O
9.O-O Na6 10.f5 Nf6 11.Bg5 c4 12.Kh1 Qd7 13.Qe2 b5 14.a3 Qb7 15.Rae1 Ng4
16.h3 Ne5 17.Nxe5 Bxe5 18.Bh6 Bg7 19.Bxg7 Kxg7 20.e5 f6 21.exd6 exd6 22.Qe7+ Rf7
23.Qxd6 b4 24.Ne4 Raf8 25.axb4 Nxb4 26.Nc5 Qb8 27.Qxb8 Rxb8 28.d6 Nxc2 29.Re4 gxf5
30.Rxf5 Kg6 31.Rf1 Nb4 32.d7 f5 33.Re6+ Rf6 34.Re8  1-0

[Event "BUL-chT"]
[Site "Sofia"]
[Date "1991.??.??"]
[Round "1"]
[White "Atanasov, Petko"]
[Black "Peev, Peicho Chonev"]
[Result "1/2-1/2"]
[WhiteElo "2370"]
[BlackElo "2400"]

1.d4 g6 2.e4 Bg7 3.Nc3 d6 4.Bg5 c6 5.Qd2 b5 6.Nge2 Nf6 7.f3 Nbd7 8.a4 b4
9.Nd1 a5 10.Bh6 Bxh6 11.Qxh6 Ba6 12.Qd2 c5 13.Ne3 Rc8 14.b3 O-O 15.d5 Ne5
16.Ng3 Bxf1 17.Rxf1 e6 18.dxe6 fxe6 19.O-O-O Nf7 20.Kb1 Qe7 21.Rfe1 Rfd8
22.Qe2 Qb7 23.Qc4 d5 24.exd5 Nxd5 25.Nxd5 exd5 26.Qf4 c4 27.Ne2 Re8 28.Nd4 Qb6
29.h4 Qd6 30.Qd2 Qf6 31.Rxe8+ Rxe8 32.Nb5 cxb3 33.cxb3 Qxh4 34.Nc7 Re5 35.Nxd5 Re6
36.Qc2 Re1 37.Nf6+ Kg7 38.Ne4 Rh1 39.Rxh1 Qxh1+ 40.Ka2 h5 41.Qb2+ Kf8  1/2-1/2

[Event "St Ingbert op"]
[Site "St Ingbert"]
[Date "1991.??.??"]
[Round "9"]
[White "Kaeser, Udo"]
[Black "Mohr, Stefan"]
[Result "0-1"]
[WhiteElo "2295"]
[BlackElo "2430"]

1.e4 d6 2.Nc3 g6 3.d4 Bg7 4.g3 Nf6 5.Bg2 O-O 6.h3 e5 7.Nf3 Nbd7 8.O-O c6
9.a4 b6 10.dxe5 dxe5 11.Qd6 Re8 12.Bg5 Re6 13.Qd2 Qf8 14.Rfd1 h6 15.Be3 Bb7
16.Ne1 a6 17.f3 Kh7 18.Qf2 Qd8 19.h4 Qc7 20.Bh3 Re7 21.Rd2 Rb8 22.Rad1 Bc8
23.Kg2 Re8 24.Rd3 Nf8 25.Bxc8 Rexc8 26.Kh2 Ne6 27.R3d2 b5 28.axb5 axb5 29.Ra1 Rb7
30.Nd3 c5 31.Ra6 Nd4 32.Rd1 Qe7 33.Nd5 Nxd5 34.exd5 Rd8 35.c3 Nb3 36.Nc1 Nxc1
37.Bxc1 Rbd7 38.d6 Rxd6 39.Rdxd6 Rxd6 40.Rxd6 Qxd6 41.Be3 c4 42.Kg2 h5 43.Bc5 Qd3
44.Kh2 Bh6 45.Kg2 Qd2 46.Qxd2 Bxd2 47.Kf2 Bc1 48.Ba3 Kg7 49.Ke2 f6 50.Kd1 Be3
51.Ke2 Bb6 52.Bd6 Kf7  0-1

[Event "St Martin op"]
[Site "St Martin"]
[Date "1991.??.??"]
[Round "6"]
[White "Castro Rojas, Oscar Humberto"]
[Black "Todorcevic, Miodrag"]
[Result "1/2-1/2"]
[WhiteElo "2380"]
[BlackElo "2480"]

1.e4 g6 2.d4 Bg7 3.Nc3 d6 4.f4 Nf6 5.Nf3 O-O 6.Bd3 Na6 7.O-O c5 8.d5 Nc7
9.a4 e6 10.dxe6 fxe6 11.e5 Nfd5 12.exd6 Qxd6 13.Ne4 Qe7 14.Ne5 Bd7 15.Bd2 Rad8
16.c3 Be8 17.Qe2 Nf6 18.Ng5 Nd7 19.Bc4 Nxe5 20.fxe5 Bc6 21.a5 h6 22.Nh3 g5
23.Rxf8+ Rxf8 24.Re1 Rf5 25.Qg4 Rxe5 26.Rxe5 Bxe5 27.Nf4 Bd7 28.h4 Qd6 29.Nd3 Be8
30.hxg5 h5 31.Qe4 Bh2+ 32.Kh1 Kg7 33.Bf4 Bxf4 34.Nxf4 e5 35.Nd3 Bg6 36.Qxe5+ Qxe5
37.Nxe5 Bf5 38.Kg1 Be6 39.Be2 h4 40.Bf3 b6 41.axb6 axb6 42.Kf2 Bg8 43.Ke3 Ne6
44.Bd5 Nxg5 45.Bxg8 Kxg8 46.Nd7 Kf7 47.Kf4 h3 48.gxh3 Nxh3+ 49.Kf5 Ke7 50.Nxb6 Kd6
51.Nc4+ Kc6 52.Ne5+ Kb5 53.Ke4 Ka4 54.Kd5 Kb3 55.Kxc5 Kxb2 56.c4 Kc3 57.Kd6 Ng5
58.Kd5 Kb4 59.Nc6+ Ka4 60.c5 Kb5 61.Nd4+  1/2-1/2

[Event "Star Dojran"]
[Site "Star Dojran"]
[Date "1991.??.??"]
[Round "11"]
[White "Nedev, Trajce"]
[Black "Rashkovsky, Nukhim N"]
[Result "0-1"]
[WhiteElo "2215"]
[BlackElo "2535"]

1.e4 g6 2.d4 Bg7 3.Nc3 d6 4.Be3 c6 5.f4 b5 6.Qf3 b4 7.Nd1 d5 8.exd5 cxd5
9.Bb5+ Nd7 10.Qxd5 Rb8 11.Bc6 Nf6 12.Qf3 O-O 13.Nf2 Nb6 14.Ne2 Nc4 15.O-O Rb6
16.d5 Nxe3 17.Qxe3 Nxd5 18.Bxd5 Qxd5 19.Nd3 Bg4 20.Rfd1 Re6 21.Ne5 Qa5 22.Nd4 Rxe5
23.fxe5 Bxd1 24.Rxd1 Qxe5 25.Qxe5 Bxe5 26.Nc6 Bd6 27.Kf1 Kg7 28.Rd2 a6 29.g3 Rc8
30.Na5 Rc5 31.Nb7 Rf5+ 32.Ke2 Be5 33.b3 Bc3 34.Rd3 Rb5 35.Rd7 Re5+ 36.Kd3 h5
37.Rc7 Re1 38.Nc5 Rd1+ 39.Ke3 Rd2 40.Nxa6 Rxc2 41.Nxb4 Bd2+ 42.Kd3 Rxc7 43.Kxd2 Kf8
44.a4 Ke8 45.Na6 Rc6 46.Nb4 Rf6 47.Nd3 Rf1 48.b4 Kd7 49.b5 Kc7 50.Kc3 Kb6
51.Kc4 g5 52.Nc5 f5 53.Nb3 f4 54.a5+ Kc7 55.b6+ Kc6 56.Nd4+ Kb7 57.Ne6 f3
58.Nc5+ Kc6 59.Nd3 f2 60.Nb4+ Kb7 61.Kb5 Ra1  0-1

[Event "Struga"]
[Site "Struga"]
[Date "1991.??.??"]
[Round "9"]
[White "Gicev, Blagoja"]
[Black "Zahariev, Pance"]
[Result "1/2-1/2"]
[WhiteElo "2315"]
[BlackElo "2325"]

1.e4 g6 2.d4 Bg7 3.Nc3 d6 4.Be3 c6 5.a4 a5 6.Nf3 Nf6 7.h3 O-O 8.Be2 Qc7 9.O-O e5
10.Bc4 Na6 11.Qd2 Nb4 12.dxe5 dxe5 13.Rad1 Nd7 14.Ne2 Na6 15.Ng3 Ndc5 16.Bh6 Be6
17.Bxg7 Kxg7 18.Bxa6 Nxa6 19.Nh5+ Kh8 20.Nf6 Kg7 21.Nh5+ Kh8 22.Nf6  1/2-1/2

[Event "Struga"]
[Site "Struga"]
[Date "1991.??.??"]
[Round "12"]
[White "Organdziev, Oliver"]
[Black "Zahariev, Pance"]
[Result "0-1"]
[WhiteElo "2320"]
[BlackElo "2325"]

1.e4 g6 2.d4 Bg7 3.Nc3 d6 4.Be3 c6 5.Qd2 b5 6.a3 a6 7.f4 Nf6 8.h3 O-O 9.Nf3 Nbd7
10.e5 Ne8 11.O-O-O Nb6 12.Qf2 Rb8 13.g4 Nc4 14.Bxc4 bxc4 15.Ne4 Be6 16.c3 Bd5
17.Ng3 Qb6 18.Rd2 f6 19.e6 Qb3 20.Rc2 f5 21.g5 Bxe6 22.h4 Bd5 23.h5 Nc7 24.Qh2 Bxf3
25.hxg6 hxg6 26.Qh7+ Kf7 27.Rh6 Ke8 28.Qxg7 Qa2 29.Kd2 Qb1 30.Qxg6+ Kd7 31.Ne2  0-1

[Event "SWZ-GP"]
[Site "Suhr"]
[Date "1991.??.??"]
[Round "7"]
[White "Landenbergue, Claude"]
[Black "Zueger, Beat"]
[Result "0-1"]
[WhiteElo "2410"]
[BlackElo "2425"]

1.d4 g6 2.e4 Bg7 3.Nc3 d6 4.Be2 Nf6 5.Nf3 O-O 6.h3 c5 7.d5 b5 8.Bxb5 Nxe4
9.Nxe4 Qa5+ 10.Nc3 Bxc3+ 11.bxc3 Qxb5 12.Bh6 Re8 13.Qd3 Qa4 14.O-O Ba6 15.c4 Qxc4
16.Qd2 Nd7 17.Bg5 Nb6 18.Rad1 Bb7 19.Rfe1 Nxd5 20.Qa5 Qb4 21.Qxb4 cxb4 22.a3 f6
23.Bd2 bxa3 24.Ra1 Nb6 25.Rxa3 Nc4 26.Ra4 Rac8 27.Bf4 Bxf3 28.Rxa7 Bd5  0-1

[Event "SWE-ch"]
[Site "SWE"]
[Date "1991.??.??"]
[Round "6"]
[White "Brynell, Stellan"]
[Black "Johansson, Jan"]
[Result "0-1"]
[WhiteElo "2390"]
[BlackElo "2365"]

1.e4 g6 2.d4 Bg7 3.Nc3 d6 4.Nf3 Nf6 5.h3 O-O 6.Be3 a6 7.a4 d5 8.e5 Ne4 9.Bd3 Nxc3
10.bxc3 c5 11.O-O Nc6 12.Qd2 c4 13.Be2 f6 14.exf6 exf6 15.Nh2 Be6 16.Rab1 Qd7
17.Rb6 Rfe8 18.Bf4 Rad8 19.Bf3 Qf7 20.Ng4 Rd7 21.Nh6+ Bxh6 22.Bxh6 Bf5 23.Bf4 g5
24.Bg3 h5 25.h4 g4 26.Bd1 Qg6 27.Kh2 Kg7 28.f3 gxf3 29.Bxf3 Be4 30.Bxe4 Rxe4
31.Rfb1 Nd8 32.Be5 Rf7 33.Qf2 Nc6 34.Bg3 Nd8 35.Rd6 Ne6 36.Rbb6 Qg4 37.Rxd5 Re7
38.Qf5 Re2 39.Qxh5 Qe4 40.Rg5+ Nxg5 41.Bf2 Qf4+ 42.Kg1 Qxf2+ 43.Kh2 Qxg2+  0-1

[Event "SWE-ch"]
[Site "SWE"]
[Date "1991.??.??"]
[Round "10"]
[White "Winsnes, Rikard"]
[Black "Setterqvist, Kurt"]
[Result "0-1"]
[WhiteElo "2330"]
[BlackElo "2335"]

1.e4 g6 2.d4 Bg7 3.Nc3 d6 4.Be3 c6 5.Qd2 b5 6.h4 Nf6 7.f3 h5 8.a4 b4 9.Nd1 a5
10.c3 bxc3 11.bxc3 Nbd7 12.Nh3 Qc7 13.Be2 e5 14.Ng5 Ba6 15.Bxa6 Rxa6 16.O-O O-O
17.Nf2 Raa8 18.f4 exf4 19.Bxf4 Rad8 20.Rfe1 Ne5 21.Nd3 Nxd3 22.Qxd3 Ng4 23.Rab1 c5
24.Qc4 Qa7 25.Qd5 Rd7 26.Red1 cxd4 27.cxd4 Rb8 28.Nf3 Rb4 29.Rxb4 axb4 30.Qb5 Nf6
31.Qxb4 Nxe4 32.Rb1 Rd8 33.a5 Ra8 34.Qb7 Qxb7 35.Rxb7 Rxa5 36.Rb8+ Kh7 37.Re8 d5
38.Rd8 Bf6 39.Bg5 Nxg5 40.hxg5 Bxd8  0-1

[Event "SWE-ch"]
[Site "SWE"]
[Date "1991.??.??"]
[Round "12"]
[White "Wiedenkeller, Michael"]
[Black "Johansson, Jan"]
[Result "1-0"]
[WhiteElo "2455"]
[BlackElo "2365"]

1.d4 g6 2.e4 Bg7 3.Nc3 d6 4.f4 c6 5.Nf3 Bg4 6.Be3 Qb6 7.Qd2 Bxf3 8.gxf3 Nd7
9.O-O-O Qa5 10.Kb1 b5 11.f5 Ngf6 12.Bd3 b4 13.Ne2 Rb8 14.Rhg1 Rg8 15.Nc1 Qc7
16.fxg6 hxg6 17.Qe2 Kf8 18.Ba6 Rh8 19.Nb3 Nb6 20.Bd2 Na4 21.Rg5 d5 22.e5 Nh7
23.Rg2 c5 24.Nxc5 Nxc5 25.dxc5 Bxe5 26.Bh6+ Bg7 27.Bxg7+ Kxg7 28.Rxd5 Nf6
29.Re5 e6 30.Bd3 Nd5 31.Qe4 Rh6 32.Qd4 Nf6 33.Reg5 Rd8 34.Qxb4 Rxh2 35.Rg1 Rh6
36.Qc3 Qe7 37.b4 Kf8 38.Qd2 Nd5 39.Rxd5 Kg7 40.Rxd8 Qxd8 41.Qc3+ Kh7  1-0

[Event "Teheran op"]
[Site "Teheran"]
[Date "1991.??.??"]
[Round "5"]
[White "Tondivar, Babak"]
[Black "Lodhi, Mahmood"]
[Result "0-1"]
[WhiteElo "2265"]
[BlackElo "2415"]

1.e4 d6 2.d4 g6 3.Nc3 Bg7 4.Nf3 Nf6 5.Be2 O-O 6.O-O Nc6 7.Be3 e5 8.dxe5 dxe5
9.Qxd8 Rxd8 10.Rfd1 Bg4 11.h3 Bxf3 12.Bxf3 Nd4 13.Bxd4 exd4 14.Ne2 Ne8 15.g3 c5
16.Nf4 Nc7 17.Nd5 Ne6 18.Bg2 Rd7 19.c4 Rb8 20.a4 b6 21.f4 a6 22.e5 Nc7 23.Nxc7 Rxc7
24.Bd5 Kf8 25.b3 f6 26.exf6 Bxf6 27.Kf1 Re7 28.Re1 Re3 29.Rxe3 dxe3 30.Ra2 Bd4
31.Ke2 Ke7 32.Kf3 Kf6 33.g4 g5 34.f5 Re8 35.Be6 Rh8 36.Re2 h5 37.Kg3 hxg4
38.Kxg4 Rh4+ 39.Kg3 Ke5 40.Bc8 Ke4 41.f6 Rf4 42.Bg4 Bxf6 43.Ra2 Bc3 44.Bd1 Bd2
45.a5 bxa5  0-1

[Event "Toledo"]
[Site "Toledo"]
[Date "1991.??.??"]
[Round "1"]
[White "Izeta Txabarri, Felix"]
[Black "Franco Ocampo, Zenon"]
[Result "1/2-1/2"]
[WhiteElo "2385"]
[BlackElo "2495"]

1.d4 d6 2.e4 g6 3.Nc3 Bg7 4.Be3 c6 5.Qd2 b5 6.h4 Nf6 7.f3 h5 8.O-O-O Qa5
9.Kb1 Nbd7 10.Nh3 Nb6 11.b3 Bxh3 12.Rxh3 Qb4 13.Qe1 O-O 14.Bc1 Rfd8 15.g4 Rab8
16.gxh5 Nxh5 17.f4 e5 18.a3 Qa5 19.dxe5 dxe5 20.Rxd8+ Rxd8 21.f5 Nd7 22.fxg6 fxg6
23.Rd3 Nc5 24.Rxd8+ Qxd8 25.Bh3 Nf4 26.Bg4 Qe7 27.Qg1 a5 28.Ka2 b4 29.Be3 Nxb3
30.Kxb3 bxc3 31.Qe1 Bf8 32.Bc1 Qb7+ 33.Ka2 Qf7+ 34.Ka1 Qc4 35.h5 gxh5 36.Bf5 Bg7
37.Qd1 Bf6 38.Bxf4 exf4 39.Qxh5 Qf1+ 40.Ka2 Qc4+ 41.Ka1 Qf1+  1/2-1/2

[Event "Toledo"]
[Site "Toledo"]
[Date "1991.??.??"]
[Round "9"]
[White "Martin Gonzalez, Angel"]
[Black "Azmaiparashvili, Zurab"]
[Result "0-1"]
[WhiteElo "2445"]
[BlackElo "2585"]

1.e4 d6 2.d4 g6 3.Nc3 Bg7 4.Nf3 Nf6 5.Be2 O-O 6.O-O c6 7.h3 Nbd7 8.e5 Ne8
9.Bf4 dxe5 10.dxe5 Nc7 11.Qc1 Ne6 12.Bh6 Qa5 13.Bxg7 Kxg7 14.Qe3 Qb6 15.Qc1 Qc5
16.Ne4 Nd4 17.Nxc5 Nxe2+ 18.Kh2 Nxc1 19.Nxd7 Bxd7 20.Raxc1 c5 21.Rfd1 Bc6
22.Rd3 Rfd8 23.Rcd1 Rxd3 24.Rxd3 f6 25.Kg3 Kf7 26.exf6 exf6 27.Nd2 Re8 28.Nc4 Re2
29.Rd2 Rxd2 30.Nxd2 Ke6 31.h4 g5 32.hxg5 fxg5 33.Kg4 Kf6 34.g3 Kg6 35.Kh3 Kf5
36.c3 b6 37.a3 Bd5 38.Kh2 a5 39.Kh3 h6 40.Kh2 b5 41.Kg1 Ke5 42.Kh2 b4 43.Kh3 h5
44.Kh2 bxa3 45.bxa3 Kd6 46.f4 gxf4 47.gxf4 c4 48.Nf1 Kc5 49.Ne3 Bf7 50.Nf5 Bg6
51.Nd4 Kd5 52.f5 Be8 53.Kg3 Ke5 54.Kh4 Kf6 55.Ne6 Bd7 56.Nd4 Bxf5 57.Kxh5 Bd7
58.Nf3 Kf5 59.Nd2 Be6 60.Kh4 Kf4 61.Nxc4 Bxc4 62.Kh3 Ke3 63.Kg2 a4 64.Kg1 Kd2
65.Kf2 Kxc3 66.Ke1 Kc2  0-1

[Event "Torcy op"]
[Site "Torcy"]
[Date "1991.??.??"]
[Round "?"]
[White "Pira, Davoud"]
[Black "Dussol, Pierre"]
[Result "1-0"]
[WhiteElo "2345"]
[BlackElo "2220"]

1.d4 g6 2.e4 Bg7 3.Nc3 d6 4.Be3 a6 5.a4 b6 6.Bc4 Bb7 7.Qd2 Nd7 8.h4 Ngf6
9.f3 e6 10.Nge2 Qe7 11.Bd3 c5 12.O-O-O Rc8 13.dxc5 dxc5 14.Bc4 Ne5 15.Ba2 Rd8
16.Qxd8+ Qxd8 17.Rxd8+ Kxd8 18.a5 bxa5 19.Bxc5 Nc6 20.Na4 Nd7 21.Rd1 Kc7
22.Bf2 h5 23.Kb1 Re8 24.Nc1 Nb4 25.Bb3 f5 26.c3 Nc6 27.exf5 gxf5 28.Nd3 e5
29.Ndc5 Nxc5 30.Nxc5 Bc8 31.Bf7 Rh8 32.Ne6+  1-0

[Event "Torcy op"]
[Site "Torcy"]
[Date "1991.??.??"]
[Round "?"]
[White "Lanka, Zigurds"]
[Black "Seret, Jean Luc"]
[Result "1-0"]
[WhiteElo "2510"]
[BlackElo "2375"]

1.e4 g6 2.d4 Bg7 3.Nc3 d6 4.f4 a6 5.Be2 b5 6.Bf3 Bb7 7.a3 Nd7 8.Nh3 c5 9.d5 Qa5
10.Bd2 Qc7 11.O-O Nb6 12.Nf2 Nf6 13.b3 O-O 14.a4 b4 15.a5 Nc8 16.Ne2 Na7
17.c4 bxc3 18.Nxc3 Rab8 19.Be2 e6 20.Bc4 exd5 21.exd5 Bc8 22.f5 Bxf5 23.Bxa6 Rfe8
24.Bc4 h5 25.h3 Nh7 26.Kh1 Qd8 27.Qf3 Bd4 28.Ra2 Rb7 29.Ne2 Bg7 30.Ng3 Bc8
31.a6 Rbe7 32.Ba5 Qd7 33.Re2 Nb5 34.Rxe7 Rxe7 35.b4 cxb4 36.Bxb4 Bxa6 37.Qd3 Qe8
38.Nge4 Nf6 39.Nxf6+ Bxf6 40.Bd2 Bc3 41.Bxc3 Re3 42.Qd2 Rxc3 43.Re1 Qc8 44.Bxb5 Bxb5
45.Ne4 Rc2 46.Nf6+ Kg7 47.Nxh5+ gxh5 48.Qg5+ Kf8 49.Re3 Rc3 50.Qf6 Rc1+ 51.Kh2 Rh1+
52.Kg3 Kg8 53.Qg5+ Kf8 54.Qxh5 Kg7 55.Qg5+ Kf8 56.Qf6 Kg8 57.Kh4 Qc5 58.Qg5+ Kh7
59.Kh5  1-0

[Event "Torcy op-B"]
[Site "Torcy"]
[Date "1991.??.??"]
[Round "?"]
[White "Ribaud Chevrey, P."]
[Black "Vitchen, J."]
[Result "1-0"]
[WhiteElo "2020"]
[BlackElo "1760"]

1.e4 g6 2.d4 Bg7 3.Nc3 d6 4.f4 Nc6 5.Be3 Nf6 6.Nf3 O-O 7.e5 dxe5 8.dxe5 Nd7
9.Qe2 e6 10.O-O-O Qe7 11.Ng5 f6 12.exf6 Nxf6 13.Qc4 Ne8 14.Nge4 Bh6 15.g3 Na5
16.Bc5 Qg7 17.Qa4 Rf5 18.Qxe8+  1-0

[Event "Torcy op-B"]
[Site "Torcy"]
[Date "1991.??.??"]
[Round "?"]
[White "Staub, Pierre"]
[Black "Miannay, M."]
[Result "1-0"]
[WhiteElo "1910"]
[BlackElo "1680"]

1.e4 g6 2.d4 Bg7 3.Nc3 d6 4.Be3 Nf6 5.Qd2 Nc6 6.f3 O-O 7.O-O-O a6 8.Bh6 b5
9.h4 Qe8 10.h5 Bxh6 11.Qxh6 e6 12.Nh3 Qe7 13.Ng5 Re8 14.e5 dxe5 15.Nce4 Nxd4
16.hxg6 fxg6 17.Nxh7 Nxh7 18.Qxg6+ Qg7 19.Qxe8+ Nf8 20.Bd3 Nf5 21.g4 Ne7
22.Rh7 Qg6 23.Rdh1 Nd5 24.Rh8+ Kg7 25.Qxf8+  1-0

[Event "Triberg"]
[Site "Triberg"]
[Date "1991.??.??"]
[Round "11"]
[White "Cetkovic, Bozidar"]
[Black "Mohr, Stefan"]
[Result "0-1"]
[WhiteElo "2245"]
[BlackElo "2430"]

1.e4 g6 2.d4 Bg7 3.Nc3 d6 4.Nf3 Nf6 5.g3 O-O 6.Bg2 c6 7.O-O Qc7 8.h3 e5 9.dxe5 dxe5
10.Be3 b5 11.Ne1 Nbd7 12.Nd3 Bb7 13.Nc5 Nxc5 14.Bxc5 Rfd8 15.Qe2 Nd7 16.Be3 Nf8
17.Nb1 Ne6 18.c3 a6 19.Nd2 c5 20.f4 c4 21.f5 Nc5 22.Kh2 Nd3 23.Rab1 Rd6 24.Kg1 Rad8
25.Rfd1 Qd7 26.Rf1 Qc6 27.Kh1 R6d7 28.Bg5 f6 29.Be3 g5 30.Rg1 Bf8 31.Kh2 Bc5
32.Rgd1 Bxe3 33.Qxe3 Nc5 34.Qe2 Rd3 35.Nf1 Qd6 36.Re1 Qd7 37.Rbc1  0-1

[Event "Villa Ballester op"]
[Site "Villa Ballester"]
[Date "1991.??.??"]
[Round "7"]
[White "Godoy, Carlos"]
[Black "Fulgenzi, Ernesto"]
[Result "0-1"]
[WhiteElo "2235"]
[BlackElo "2335"]

1.e4 g6 2.d4 Bg7 3.Nc3 d6 4.Nf3 Bg4 5.Be2 Nc6 6.Be3 e5 7.dxe5 Bxf3 8.Bxf3 dxe5
9.Qxd8+ Rxd8 10.Nd5 Rd7 11.O-O-O Nd4 12.Bxd4 exd4 13.Kb1 c6 14.Nf4 Ne7 15.h4 O-O
16.h5 c5 17.hxg6 hxg6 18.Nd5 Nxd5 19.exd5 c4 20.Rhe1 Bf6 21.g3 b5 22.Re2 Rb8
23.Rde1 Kf8 24.Bg2 a5 25.f4 a4 26.g4 a3 27.b3 d3 28.cxd3 cxd3 29.Re3 d2 30.Rd1 Rc8  0-1

[Event "Waldshut BM"]
[Site "Waldshut"]
[Date "1991.??.??"]
[Round "9"]
[White "Pfrommer, Christoph"]
[Black "Jacob, Volker"]
[Result "1-0"]
[WhiteElo "2300"]
[BlackElo "2240"]

1.e4 g6 2.d4 Bg7 3.Nc3 d6 4.f4 c6 5.Nf3 b5 6.a3 a6 7.Be2 Nd7 8.O-O Nb6 9.Qe1 Bg4
10.Be3 Nf6 11.h3 Bxf3 12.Bxf3 d5 13.e5 Nfd7 14.f5 O-O 15.fxg6 fxg6 16.Qh4 e6
17.Bg5 Qe8 18.Ne2 Rf7 19.Bg4 Nf8 20.Rxf7 Qxf7 21.Rf1 Qd7 22.Qg3 Re8 23.h4 Na8
24.Qc3 Nc7 25.Rf3 Na8 26.Qc5 h6 27.Bf6 Rc8 28.Bxg7 Kxg7 29.Nf4 Re8 30.Nd3 a5
31.Qc3 Qa7 32.Kh2 Qc7 33.Rf6 Nb6 34.Qxa5 Ra8 35.Qb4 Qd7 36.Nc5 Qd8 37.g3 Nc4
38.Rxf8 Qxf8 39.Nxe6+  1-0

[Event "Wiesbaden op"]
[Site "Wiesbaden"]
[Date "1991.??.??"]
[Round "4"]
[White "Galdunts, Sergey"]
[Black "Haub, Thorsten Michael"]
[Result "1-0"]
[WhiteElo "2470"]
[BlackElo "2315"]

1.e4 g6 2.d4 Bg7 3.Nc3 d6 4.Nge2 Nf6 5.g3 O-O 6.Bg2 c6 7.O-O Nbd7 8.h3 e5
9.Be3 Qe7 10.Re1 h6 11.f4 Rd8 12.a4 Kh7 13.g4 exf4 14.Nxf4 Nf8 15.Qd2 Re8
16.Qf2 a6 17.Nd3 Be6 18.Rf1 d5 19.e5 N6d7 20.a5 Kg8 21.Ne2 Nh7 22.Ng3 Qh4
23.Nf4 Rf8 24.Ra3 h5 25.gxh5 g5 26.Nxe6 fxe6 27.Qe1 Rxf1+ 28.Bxf1 c5 29.Bf2 cxd4
30.Nf5 Qxh5 31.Nxg7 Kxg7 32.Qb4 Rf8 33.Qe7+ Qf7 34.Qxf7+ Rxf7 35.Bxd4 Nb8
36.Rc3 Nc6 37.Bb6 Nb4 38.Rc8 Rf8 39.Rc5 Rf7 40.Be2 Nf8 41.Rc8 Ng6 42.Bg4 Nf4
43.Bd8 Kg6 44.Bf6 Nc6 45.Rg8+ Kh7 46.Rxg5 Nd4 47.Kf2 Nxc2 48.Kg3  1-0

[Event "Wiesbaden op"]
[Site "Wiesbaden"]
[Date "1991.??.??"]
[Round "7"]
[White "Tangborn, Eric"]
[Black "Haub, Thorsten Michael"]
[Result "0-1"]
[WhiteElo "2355"]
[BlackElo "2315"]

1.d4 g6 2.e4 Bg7 3.Nc3 d6 4.g3 Nd7 5.Bg2 c5 6.Nge2 cxd4 7.Nxd4 Ngf6 8.O-O O-O
9.h3 Ne5 10.a4 Bd7 11.b3 Qc8 12.Bb2 Bxh3 13.Nf5 Bxf5 14.exf5 Qxf5 15.Bxb7 Rab8
16.Ba6 Qh3 17.Re1 Nfg4  0-1

[Event "Oberliga Wuert9091"]
[Site "Wuerttemberg"]
[Date "1991.??.??"]
[Round "?"]
[White "Keilhack, Harald"]
[Black "Lenz, Juergen"]
[Result "0-1"]
[WhiteElo "2325"]
[BlackElo "2295"]

1.d4 d6 2.e4 g6 3.Nc3 Bg7 4.Nge2 c6 5.a4 e5 6.Be3 Nf6 7.h3 Qa5 8.Qd2 Nbd7
9.g3 O-O 10.Bg2 Nb6 11.Nb1 Qxd2+ 12.Nxd2 Be6 13.O-O Nc4 14.Nxc4 Bxc4 15.Rfe1 d5
16.exd5 Nxd5 17.Bxd5 Bxd5 18.dxe5 Bxe5 19.Nc3 Be6 20.Bh6 Bxc3 21.bxc3 Rfd8
22.g4 Rd5 23.Rad1 Rad8 24.Rxd5 Rxd5 25.Re2 a5 26.Rd2 b5 27.c4 Rxd2 28.Bxd2 bxa4
29.Bxa5 Bxc4 30.Bb4 f5 31.gxf5 gxf5 32.f4 Kf7 33.Kf2 Ke6 34.Ke3 Kd5 35.Ba3 Bf1
36.h4 Kc4 37.Kd2 h5 38.Kc1 c5 39.Kd2 Kd4 40.Ke1 Bb5 41.Kf2 c4 42.Bb4 Ke4
43.Bd6 c3 44.Be5 a3 45.Bxc3 Kxf4 46.Bb4 a2 47.Bc3 Ba4 48.Ba1 Bxc2 49.Bb2 Ke4
50.Ba1 f4 51.Bb2 Bd1 52.Ke1 Bg4 53.Kd2 Kf3 54.Bd4 Kg3 55.Bf6 f3  0-1

[Event "Zalakaros op"]
[Site "Zalakaros"]
[Date "1991.??.??"]
[Round "7"]
[White "Horvath, Tamas"]
[Black "Gazik, Igor"]
[Result "0-1"]
[WhiteElo "2410"]
[BlackElo "2395"]

1.e4 g6 2.d4 Bg7 3.Nc3 d6 4.Nf3 Bg4 5.Be3 Nc6 6.Be2 Nf6 7.h3 Bxf3 8.Bxf3 O-O
9.d5 Ne5 10.Be2 c6 11.f4 Ned7 12.a4 cxd5 13.exd5 Qa5 14.O-O Nb6 15.Bf3 Nc4
16.Bd4 Nxb2 17.Qe2 Nh5 18.Bxg7 Kxg7 19.Bxh5 Qxc3 20.Bf3 Rfe8 21.Kh1 Rac8
22.Qf2 Qc5 23.Qxc5 Rxc5 24.Rfb1 Nc4 25.Rxb7 a5 26.Be2 Ne3 27.Bb5 Rf8 28.c4 Nxc4
29.Re1 Nd2 30.Rexe7 Rxd5 31.Ra7 Rd4 32.g3 Ne4 33.Kg2 d5 34.Rec7 Rd2+ 35.Kf3 Rb2
36.Bc6 Rb3+ 37.Kg2 Rxg3+ 38.Kh2 Rd3 39.Rxa5 Rd2+ 40.Kg1 Nf6 41.Raa7 d4 42.Bf3 d3
43.Rc1 Re8 44.Rb7 Ra2 45.Rd1 Re3 46.Bc6 Rxh3 47.Rb3 Rg3+ 48.Kf1 Ng4  0-1

[Event "Zalakaros op"]
[Site "Zalakaros"]
[Date "1991.??.??"]
[Round "9"]
[White "Feher, Gyula"]
[Black "Gazik, Igor"]
[Result "0-1"]
[WhiteElo "2375"]
[BlackElo "2395"]

1.e4 g6 2.d4 Bg7 3.Nc3 d6 4.f4 Nf6 5.Nf3 O-O 6.Be3 b6 7.e5 Ng4 8.Bg1 c5 9.h3 Nh6
10.g4 cxd4 11.Bxd4 Nc6 12.Bg2 Bb7 13.O-O Nxd4 14.Nxd4 Bxg2 15.Kxg2 dxe5 16.Nc6 Qc7
17.Qf3 exf4 18.Nd5 Qd6 19.Ncxe7+ Kh8 20.Qxf4 Qxf4 21.Rxf4 Bxb2 22.Re1 Ba3
23.c4 Bc5 24.g5 Ng8 25.Nxg8 Kxg8 26.Rfe4 Rad8 27.h4 Kg7 28.a4 h6 29.R1e2 Rh8
30.Nf6 hxg5 31.hxg5 Rd1 32.Rg4 Rg1+ 33.Kf3 Rh3+ 34.Ke4 Rxg4+ 35.Nxg4 Rg3
36.Ne5 Rxg5 37.Nc6 a5 38.Rd2 Rg4+ 39.Kd5 Rg5+ 40.Ke4 Rg4+  0-1

[Event "Wuerttemberg-ch"]
[Site "Zell"]
[Date "1991.??.??"]
[Round "2"]
[White "Krockenberger, Martin"]
[Black "Roth, Juergen"]
[Result "1-0"]
[WhiteElo "2315"]
[BlackElo "2285"]

1.e4 g6 2.d4 Bg7 3.Nc3 d6 4.Be3 c6 5.Nf3 Nf6 6.h3 O-O 7.a4 Qc7 8.a5 e5 9.dxe5 dxe5
10.Bc4 Rd8 11.Qe2 h6 12.O-O Nh5 13.Bb6 axb6 14.axb6 Qxb6 15.Rxa8 Na6 16.Rd1 Rf8
17.Qe3 Qb4 18.Bb3 Nf4 19.Na2 Qe7 20.Nc1 Kh7 21.Nd3 g5 22.Nh2 h5 23.Qf3 g4
24.Qe3 Bh6 25.Nxf4 exf4 26.Qd3 Qg5 27.h4 Qxh4 28.e5+ Kg7 29.Rxc8 Rxc8 30.Qf5 Rc7
31.Rd7 Rxd7 32.Qxd7 Qg5 33.Qxf7+ Kh8 34.e6 g3 35.fxg3 Qc5+ 36.Kh1 Qf2 37.Nf3 fxg3
38.e7 Qf1+ 39.Ng1 Qxf7 40.Bxf7 Nc7 41.Bxh5 Be3 42.Ne2 Bf2 43.Nc3 Bd4 44.Ne4 Bxb2
45.Nxg3 Kg7 46.Ne4 b5 47.e8=Q Nxe8 48.Bxe8  1-0